Environmentálna ekonomika a manažment

Guardado en:
Detalles Bibliográficos
Autor principal: Hreusík, Stanislav (Autor)
Formato: Libro
Lenguaje:eslovaco
Publicado: Žilina : Žilinská univerzita, 2007
Edición:1. vyd
Materias:
Etiquetas: Agregar Etiqueta
Sin Etiquetas, Sea el primero en etiquetar este registro!

MARC

LEADER 00000nam a22000003a 4500
001 stu154058
005 20150617225946.2
008 071213s2007----xo------------------slo-d
020 |a 978-80-8070-683-8 
040 |a STU  |b slo 
041 0 |a slo 
044 |a xo 
080 |a 65 
080 |a 504 
080 |a 65.012.4 
080 |a 330  |7 stu_us_auth*stu7629 
100 1 |a Hreusík, Stanislav  |4 aut 
245 1 |a Environmentálna ekonomika a manažment 
250 |a 1. vyd 
260 |a Žilina :  |b Žilinská univerzita,  |c 2007 
300 |a 210 s  |c príl 
650 7 |a environmentálny manažment  |2 stusub 
996 |b 284M069890  |c M*S-1395-4  |l MMKN  |s A  |a 24  |w stu154058_0001 
996 |b 284M069891  |c M*S-1395-5  |l MMKN  |s A  |a 24  |w stu154058_0002 
996 |b 284M069892  |c M*S-1395-6  |l MMKN  |s A  |a 24  |w stu154058_0003 
996 |b 284M069889  |c M*S-1395-3  |l MMKN  |s A  |a 24  |w stu154058_0004 
996 |b 284J034749  |c J*110549  |l JJST  |s P  |a 0  |w stu154058_0005 
996 |b 284M067078  |c M*S-1395-1  |l MMKN  |s A  |a 24  |w stu154058_0006 
996 |b 284M067079  |c M*S-1395-2  |l MMKN  |s A  |a 24  |w stu154058_0007